• 首页
  • 本馆介绍
  • 公告通知
  • 最新文献
  • 馆藏检索
  • 电子资源
  • 读者导购
  • 参考咨询
  • 我的图书馆
  • 登录
  • 详细信息显示
  • 放入我的书架
  • 预约/预借图书
  • 作者相关作品
  • 分类相关作品
  • 丛书相关作品
  • 出版社相关作品

书目信息

  • 表格格式
  • 工作单格式
  • 卡片格式
题名:
新帝国主义时代与中国战略
    
 
作者: 房宁 著
分册:  
出版信息: 北京   北京出版社  2003
页数: 378页
开本: 20cm
丛书名:
单 册:
中图分类: F038.5
科图分类:
主题词: 国民经济军事化
电子资源:
ISBN: 7-200-04863-1
000 00716nam0 2200217 45
001 002619174
005 20050225103535.9
010    @a7-200-04863-1@dCNY23.00
100    @a20040402d2003 em y0chiy0110 ea
101 0  @achi
102    @aCN@b110000
105    @ay z 000yy
200 1  @a新帝国主义时代与中国战略@Axin di guo zhu yi shi dai yu zhong guo zhan lve@f房宁著@FFang Ning Zhu
210    @a北京@c北京出版社@d2003
215    @a378页@d20cm
330    @a本书包括新的战争逻辑、帝国的扩张、战场外的战争、国际关系的新透视、美国走进了自己的后花园、新帝国的诞生等10章内容。
606 0  @a国民经济军事化
690    @aF038.5@v4
701  0 @a房宁@4著
801  0 @aCN@bNLC@c20040422
905    @b343497-501@dF038.5@e34@f5
    
    新帝国主义时代与中国战略/房宁著.-北京:北京出版社,2003
    378页;20cm
    
    
    ISBN 7-200-04863-1:CNY23.00
    本书包括新的战争逻辑、帝国的扩张、战场外的战争、国际关系的新透视、美国走进了自己的后花园、新帝国的诞生等10章内容。
●
相关链接 在E读中查询图书 在五车中查询图书 在当当中查询图书 在豆瓣中查询图书


正题名:新帝国主义时代与中国战略     索取号:F038.5/34         预约/预借

序号 登录号 条形码 馆藏地/架位号 状态 备注
1 0343497   203434970   第一样本阅览室/ [索取号:F038.5/34] 在馆    
2 0343498   203434989   第一借阅区/ [索取号:F038.5/34] 在馆    
3 0343499   203434998   第一借阅区/ [索取号:F038.5/34] 在馆    
4 0343500   203435005   第一借阅区/ [索取号:F038.5/34] 在馆    
5 0343501   203435014   第一借阅区/ [索取号:F038.5/34] 在馆    
唐山师范学院图书馆 欢迎您!
大连网信软件有限公司© 版权所有